Планы и сочинения. Темничек 9: "Бедность не порок", "Свои люди, сочтемся", "Доходное место" (Запись № 5947900)

Подробности
000 -МАРКЕР
контрольное поле 01504nam2a22002891 4500
001 - ИДЕНТИФИКАТОР ЗАПИСИ
контрольное поле v19\rc\1920681
005 - ИДЕНТИФИКАТОР ВЕРСИИ
контрольное поле 20260406153049.0
035 ## - ДРУГИЕ СИСТЕМНЫЕ НОМЕРА
Идентификатор записи (NLR Aleph) 005265784
100 ## - ДАННЫЕ ОБЩЕЙ ОБРАБОТКИ
Данные общей обработки 20080404d1913 |||y0rusy50 ca
101 0# - ЯЗЫК РЕСУРСА
Язык текста, звукозаписи и т.д. русский
102 ## - СТРАНА ПУБЛИКАЦИИ ИЛИ ПРОИЗВОДСТВА
Страна публикации Российская Федерация
105 ## - ПОЛЕ КОДИРОВАННЫХ ДАННЫХ: ТЕКСТОВЫЕ МАТЕРИАЛЫ, МОНОГРАФИЧЕСКИЕ
Кодированные данные о монографическом текстовом документе y z |||||
200 1# - ЗАГЛАВИЕ И СВЕДЕНИЯ ОБ ОТВЕТСТВЕННОСТИ
Основное заглавие "Бедность не порок", "Свои люди, сочтемся", "Доходное место"
210 ## - ПУБЛИКАЦИЯ, РАСПРОСТРАНЕНИЕ И ДР.
Дата издания, распространения и т.д. 1913
Место издания, распространения и т.д. Б. м.
215 ## - ФИЗИЧЕСКАЯ ХАРАКТЕРИСТИКА
Специфическое обозначение материала и объем 45 с.
461 #0 - УРОВЕНЬ НАБОРА
Встроенное поле 001v19\rc\1920673
-- 2001#$aПланы и сочинения$eКурс 8 кл.$eТемничек 1-$fАлександр Гусев$vТемничек 9
Системный номер (АБИС) связанной записи 5947822
Автор Гусев, А.
Место публикации Одесса
Дата публикации 1912-1913
Первые сведения об ответственности Александр Гусев
Имя издателя, распространителя и т.д. "Порядок" С.К. Цесарского
Сведения, относящиеся к заглавию Курс 8 кл. : Темничек 1-
Заглавие Планы и сочинения
Номер тома Темничек 9
500 10 - УНИФИЦИРОВАННОЕ ЗАГЛАВИЕ
Связь между полями z06702
-- z06702
-- z06702
Унифицированное заглавие Бедность не порок
-- Свои люди сочтемся
-- Доходное место
532 13 - РАСШИРЕННОЕ ЗАГЛАВИЕ
Заглавие Бедность не порок, Свои люди, сочтемся, Доходное место
702 #1 - ИМЯ ЛИЦА - ВТОРИЧНАЯ ОТВЕТСТВЕННОСТЬ
Код отношения Прочие
Графика поля Кириллица
Материалы, к которым относится поле rus
Начальный элемент ввода Островский
Часть имени, кроме начального элемента ввода А. Н.
Дополнения к именам, кроме дат драматург
Даты 1823-1886
Расширение инициалов личного имени Александр Николаевич
Системный номер авторитетной/нормативной записи 116199
Идентификатор авторитетной/нормативной записи RU\NLR\AUTH\776244
801 #0 - ИСТОЧНИК ЗАПИСИ
Страна Российская Федерация
Организация NLR
Дата составления 20080404
Правила каталогизации psbo
801 #0 - ИСТОЧНИК ЗАПИСИ
Страна Российская Федерация
Организация RuMoRGB
Дата составления 20080404
Источник данных psbo
801 #1 - ИСТОЧНИК ЗАПИСИ
Страна Российская Федерация
Организация ProSoft-M
Дата составления 20080404
Источник данных rusmarc
801 #2 - ИСТОЧНИК ЗАПИСИ
Страна Российская Федерация
Организация NLR
Дата составления 20080625
Источник данных rusmarc
852 ## - МЕСТОНАХОЖДЕНИЕ И ШИФР ХРАНЕНИЯ
Идентификатор организации NLR
Шифр хранения (Call Number) 20.93.9.308(9)
942 ## - ДОПОЛНИТЕЛЬНЫЕ ЭЛЕМЕНТЫ ЗАПИСИ (АБИС)
Тип экземпляра АБИС Книга
980 ## - КОЛЛЕКЦИЯ
Название коллекции Национальная библиография
Экземпляры
Тип экземпляра Дата поступления Библиотека постоянного хранения Библиотека текущего хранения Место хранения Шифр хранения Штрих-код Статус экземпляра
Книга 26.10.2013 РНБ (Садовая) РНБ (Садовая) Русский книжный фонд -Главное здание, Ленинский читальный зал 20.93.9.308(9) 5265784-10